Disney/Pixar Villain Match Quiz Stats

Quiz Updated Nov 15, 2016

Challenge
Share
Tweet
Embed
Score 0/20 Timer 02:00
47 Plays Today
% Correct
Peter Pan
95.4%
One Hundred and One Dalmatians
95.1%
The Lion King
94.9%
Alice in Wonderland
94.5%
The Little Mermaid
92.8%
Aladdin
91%
Hercules
90.8%
Mulan
89.6%
Beauty and the Beast
86.3%
A Bug's Life
84.4%
% Correct
Sleeping Beauty
80%
Snow White and the Seven Dwarfs
80%
The Jungle Book
79.8%
Robin Hood
77.3%
The Emperor's New Groove
76.6%
The Great Mouse Detective
74.6%
Toy Story
74.4%
Pinocchio
63.7%
The Hunchback of Notre Dame
63.2%
Monsters Inc.
62.7%

You're not logged in!

Compare scores with friends on all Sporcle quizzes.
Sign Up with Email
OR
Log In

You Might Also Like...

Show Comments

Extras

Top Quizzes Today


Score Distribution

Your Account Isn't Verified!

In order to create a playlist on Sporcle, you need to verify the email address you used during registration. Go to your Sporcle Settings to finish the process.